000 01490nam a2200349 c 4500
999 _c175335
_d175335
003 BLK
005 20220414102046.0
008 180411b bul|||||r ||||||| ||bul||
010 _aKNG00183877000
040 _aBLK
041 _aBUL
_cBUL
080 _aДекоративни растения. Декоративно градинарство
_b635.9
_x(02.062)
_z635.9(02.062)
100 1 _aЯков, Илия Първанов
_eпърви автор
_9381934
139 _aЯков, Илия Първанов и др.
_bЯ 34
245 1 0 _aПреселници от тропика
_cИлия Първанов Яков; съавт. Никола Димитров Минчев.
250 _a2. прераб. изд.
257 _aBGR
260 _aСофия
_bНар. просв.
_c1982
300 _a88 с.
_bс ил., 3 л. цв. ил.
_c20 см
380 _a63
490 1 _aБиблиотека за ученика
490 1 _aСерия Природонаучни знания
500 _a1. изд. 1974. - 7 605 тир. - Тропически растения в наши оранжерии.
650 4 _aРастения, тропически
_9339883
650 4 _aОранжерийно производство
_9165095
700 1 _aМинчев, Никола Димитров
_eсъавт.
_9339882
852 _aЦб 115434
856 4 _qpdf
856 4 _qpdf
942 _cKNG
_n0
_s1
944 _aCR
_c19.10.2015
_kКети_Илиева
944 _aED
_c27.09.2017
_kКети_Илиева
999 _d175335